NLSUI OPAC header image

21st Century Dictionary: Chambers: Unique Focus on Language as it is Used Today (Revised Edition) (Record no. 120357)

MARC details
000 -LEADER
fixed length control field 00492nam a2200133Ia 4500
008 - FIXED-LENGTH DATA ELEMENTS--GENERAL INFORMATION
fixed length control field 200619s9999 xx 000 0 und d
020 ## - INTERNATIONAL STANDARD BOOK NUMBER
International Standard Book Number 9788184243291
100 ## - MAIN ENTRY--PERSONAL NAME
Personal name Ed in chief-Robinson Mairi Senior Editor-Davidson George
245 #0 - TITLE STATEMENT
Title 21st Century Dictionary: Chambers: Unique Focus on Language as it is Used Today (Revised Edition)
264 ## - PRODUCTION, PUBLICATION, DISTRIBUTION, MANUFACTURE, AND COPYRIGHT NOTICE
Place of production, publication, distribution, manufacture Bangalore
Name of producer, publisher, distributor, manufacturer Allied Publications Pvt. Ltd.,
Date of production, publication, distribution, manufacture, or copyright notice 1997
300 ## - PHYSICAL DESCRIPTION
Extent 1654
942 ## - ADDED ENTRY ELEMENTS (KOHA)
Koha item type CSSEIP Office Library Collection
Holdings
Withdrawn status Lost status Damaged status Not for loan Home library Current library Shelving location Date acquired Total Checkouts Barcode Date last seen Price effective from Koha item type
        . . CSSEIP Office Library 25.06.2020   CSSEIP819 23.06.2020 23.06.2020 CSSEIP Office Library Collection